The Physics of Atoms and Quanta : Introduction to Experiments and Theory /

Furkejuvvon:
Bibliográfalaš dieđut
Váldodahkki: Hermann Haken, Hans Christoph Wolf, William D. Brewer (autor)
Materiálatiipa: Girji
Giella:eaŋgalasgiella
Almmustuhtton: Berlín, Alemania : Springer, 2005, c2005
Preanttus:7a edición
Ráidu:(Advanced Texts in Physics)
Liŋkkat:Ver documento en línea
Fáddágilkorat: Lasit fáddágilkoriid
Eai fáddágilkorat, Lasit vuosttaš fáddágilkora!

MARC

LEADER 00000nam^a22000000a04500
001 000605118
009 20260411195402.624
020 |a 978-3-540-29281-4 
037 |a Acervo ITESO - Biblioteca 
041 |a ING 
082 |a Libro en línea 
100 |a Hermann Haken, Hans Christoph Wolf, William D. Brewer  |e (autor) 
245 |a The Physics of Atoms and Quanta :  |b Introduction to Experiments and Theory / 
250 |a 7a edición 
264 4 |a Berlín, Alemania :  |b Springer,  |c 2005, c2005 
264 2 |a Cham, Suiza :  |b Springer Link [distribución],  |c 2025 
300 |a 1 libro electrónico en línea (XX, 520 p.) 
300 |a 1 recurso en línea 
336 |a datos para computadora  |b cod  |2 rdacontenido 
337 |a computadora  |b c  |2 rdamedio 
338 |a recurso en línea  |b cr  |2 rdasoporte 
440 |a (Advanced Texts in Physics) 
506 0 |a Licencias ilimitadas 
567 |a Catalogación rápida 
649 |a XX 
856 4 0 |u https://link-springer-com.ezproxy.iteso.mx/10.1007/3-540-29281-0  |y Ver documento en línea 
910 |a Fondo General 
920 |a Electrónicos - Libros en Línea 
930 |a Plataforma Digital 
905 |a 205 
902 |a https://opac.biblio.iteso.mx/vufind/Record/000605118